Normal view
MARC view
- جارود،راغو/سوريش كوثا؛ترجمة وتقديم:فتحي ابراهيم محمد احمد
Entry Personal Name
001 - CONTROL NUMBER
- control field: 33924
003 - CONTROL NUMBER IDENTIFIER
- control field: JO-AjAnu
005 - DATE AND TIME OF LATEST TRANSACTION
- control field: 20230606075703.0
008 - FIXED-LENGTH DATA ELEMENTS
- fixed length control field: 230606|| aca||aabn | a|a d
040 ## - CATALOGING SOURCE
- Original cataloging agency: JO-AjAnu
- Transcribing agency: JO-AjAnu
100 ## - HEADING--PERSONAL NAME
- Personal name: جارود،راغو/سوريش كوثا؛ترجمة وتقديم:فتحي ابراهيم محمد احمد
670 ## - SOURCE DATA FOUND
- Source citation: Work cat.: (JO-AjAnu)17424: جارود،راغو/سوريش كوثا؛ترجمة وتقديم:فتحي ابراهيم محمد احمد, author, استخدام العقل كنموذج لنطم الانتاج المرنة